Contemporary theories of human cognition / (Record no. 43911)

MARC details
001 - CONTROL NUMBER
control field 23994621
003 - CONTROL NUMBER IDENTIFIER
control field 000
005 - DATE AND TIME OF LATEST TRANSACTION
control field 20251017145430.0
008 - FIXED-LENGTH DATA ELEMENTS--GENERAL INFORMATION
fixed length control field 250116s2025 flu b 001 0 eng
010 ## - LIBRARY OF CONGRESS CONTROL NUMBER
LC control number 2025001729
020 ## - INTERNATIONAL STANDARD BOOK NUMBER
International Standard Book Number 9781032379357
035 ## - SYSTEM CONTROL NUMBER
System control number 23994621
040 ## - CATALOGING SOURCE
Original cataloging agency DNLM/DLC
Language of cataloging eng
Description conventions rda
Transcribing agency DLC
Modifying agency DLC
042 ## - AUTHENTICATION CODE
Authentication code pcc
050 00 - LIBRARY OF CONGRESS CALL NUMBER
Classification number TJ 163.25 .L43
082 00 - DEWEY DECIMAL CLASSIFICATION NUMBER
Classification number 153
Edition number 23/eng/20250408
100 1# - MAIN ENTRY--PERSONAL NAME
Personal name Leite, Diego Azevedo,
Dates associated with a name 1986-
Relator term author.
245 10 - TITLE STATEMENT
Title Contemporary theories of human cognition /
Statement of responsibility, etc Diego Azevedo Leite.
264 #1 - PUBLICATION, DISTRIBUTION, ETC. (IMPRINT)
Place of publication, distribution, etc Boca Raton :
Name of publisher, distributor, etc CRC Press,
Date of publication, distribution, etc 2025.
300 ## - PHYSICAL DESCRIPTION
Extent xxi, 179 pages ;
Dimensions 24 cm
336 ## - CONTENT TYPE
Content type term text
Content type code txt
Source rdacontent
337 ## - MEDIA TYPE
Media type term unmediated
Media type code n
Source rdamedia
338 ## - CARRIER TYPE
Carrier type term volume
Carrier type code nc
Source rdacarrier
504 ## - BIBLIOGRAPHY, ETC. NOTE
Bibliography, etc Includes bibliographical references and index.
505 0# - FORMATTED CONTENTS NOTE
Formatted contents note Molecular and Cellular Theory of Human Cognition -- Mechanistic Theory of Human Cognition -- Dynamical Systems Theory of Human Cognition -- 4E Theory of Human Cognition -- Computational Theory of Human Cognition -- Representational Theory of Human Cognition.
520 ## - SUMMARY, ETC.
Summary, etc "The main goal of this book is to present, in an organized and systematic form, contemporary major theories of human cognition, which are currently defended by many groups of research in fields such as psychology/ cognitive science and cognitive neuroscience. These theories provide the foundations for their related research programs and many of their central elements have been vigorously debated in the specialized literature. All theories will be presented following this structure: 1 origins, context and the central idea; 2 central elements of the theory; 3 major criticism received. Organizing such theories together in a book can be extremely helpful for promoting the dialog and debates in the related scientific and philosophical areas, since the reader will be able to see more precisely the general differences between them and how they can be related to each other. By looking to the foundations of these theories and their central theoretical elements, one can compare them systematically and decide which one is perhaps the best theory currently available or the most promising to be further developed. Additionally, this book can be very helpful for promoting debates on the issue of theoretical pluralism, integration and unification in the field of psychology/ cognitive science - an issue that is central, but also very complex and difficult, given the traditional fragmentation and theoretical diversity found in the field. Finally, this original project of systematically relating these particular theories can offer some theoretical clarity especially to the fields of psychology/ cognitive science and cognitive neuroscience, and, consequently, provide some useful theoretical guidance to academic and practical professionals and students as well"--
Assigning source Provided by publisher.
650 12 - SUBJECT ADDED ENTRY--TOPICAL TERM
Topical term or geographic name as entry element
Source of heading or term
Form subdivision
General subdivision Mechatronics.
651 ## - SUBJECT ADDED ENTRY--GEOGRAPHIC NAME
Source of heading or term Cognitive robotics.
Form subdivision Human-machine systems.
906 ## - LOCAL DATA ELEMENT F, LDF (RLIN)
a 7
b cbc
c orignew
d 1
e ecip
f 20
g y-gencatlg
942 ## - ADDED ENTRY ELEMENTS (KOHA)
Source of classification or shelving scheme Library of Congress Classification
Koha item type Books
Holdings
Withdrawn status Lost status Source of classification or shelving scheme Damaged status Not for loan Permanent Location Current Location Date acquired Total Checkouts Full call number Barcode Date last seen Price effective from Koha item type
    Library of Congress Classification     NILE UNIVERSITY OF NIGERIA - MAIN LIBRARY NILE UNIVERSITY OF NIGERIA - MAIN LIBRARY 10/17/2025   TJ 163.25 .L43 2025 0199394 10/17/2025 10/17/2025 Books